000 00677nam a22002057a 4500
005 20250528171658.0
010 _aENG-118864 ENG-145033
020 _a9788180423369
_c400.00
035 _aEN-102396
035 _aEN-128565
037 _bDBAD/PUB
082 _a954.035092
100 _aAnand, Vidya Sagar
_981429
245 _aMahatma Gandhi and his apirtual successor:
_bacharya Vinoba Bhave /
_cby Vidya Sagar Anand
260 _aNew Delhi
_bModern publishing house
_c2016
270 _a9, Goal Market, Dareya Ganj, New Delhi-110002
300 _a176p
_c21cm.(Hb)
_bill.
700 _aLotay, Rajinder Kaur
_981430
942 _2ddc
_cEN
_h954.035092
_mANA
999 _c141386
_d141386